000 00969nam a2200301 i 4500
003 EG-GICUC
005 20260411111434.0
008 260411s1952 uk ||||fr|||| 001 0 eng d
040 _aEG-GiCUC
_beng
_cEG-GiCUC
_dEG-GiCUC
_erda
082 0 4 _221
_a341.23
_bGO . R
092 0 4 _221
099 _aLaw1 11 341.23 GO . R 1952
100 1 _aGolzé, Alfred R
_eAuthor.
245 1 0 _aReclamation in the United States /
_cAlfred R. Golzé.
250 _aFirst Edition
264 1 _aNew York :
_bMcgraw-hill Book Company, Inc,
_c1952.
300 _a451 pages :
_billustrations,
_c24 cm
336 _2rda content
_atext
337 _2rda media
_aComputer
338 _2rda carrier
_aOnline Resource
504 _a Includes bibliographical references and index.
546 _aText in English
650 1 4 _aPublic international law
_2
651 1 _2
856 4 0 _uhttps://fll.law.cu.edu.eg/fulltext/bks/B11-08393.pdf
905 _a50
942 _2ddc
_cBK
_e21
_n0
999 _c70051
_d70051